00396nam a2200133 a 450000100100000000500170001000800410002704000250006808200150009310000400010824500430014826000490019130000220024000003216720200930063504.0110713s1934 dr 000 p spa d aDO-SdBNPbspacBNPHU axxxbM843m1 aMoreno Jimenes, Domingo,d1894-198610aModerno apocalipsis /cMoreno Jimenes. a[Santo Domingo] :bCiudad Estética,c1934. a[26] p. ;c15 cm.